Indian economy : (Record no. 1053)
[ view plain ]
| 000 -LEADER | |
|---|---|
| fixed length control field | 00472cam a2200181ua 4500 |
| 008 - FIXED-LENGTH DATA ELEMENTS--GENERAL INFORMATION | |
| fixed length control field | 110428n ii |||gr||||Z||||||eng |
| 040 ## - CATALOGING SOURCE | |
| Transcribing agency | MAIN |
| 082 ## - DEWEY DECIMAL CLASSIFICATION NUMBER | |
| Classification number | 330.54 |
| 245 1# - TITLE STATEMENT | |
| Title | Indian economy : |
| Remainder of title | Its nature and problems / |
| Statement of responsibility, etc. | by Alak Ghosh |
| 250 ## - EDITION STATEMENT | |
| Edition statement | 24th. |
| 260 ## - PUBLICATION, DISTRIBUTION, ETC. | |
| Place of publication, distribution, etc. | Calcutta: |
| Name of publisher, distributor, etc. | The world press ,985. |
| 300 ## - PHYSICAL DESCRIPTION | |
| Extent | xxiv, 871p.: |
| Other physical details | ill.; |
| Dimensions | 35cm. |
| 700 ## - ADDED ENTRY--PERSONAL NAME | |
| Personal name | Ghosh, Alak., |
| Relator term | |
| 942 ## - ADDED ENTRY ELEMENTS (KOHA) | |
| Koha item type | Books |
| 653 ## - INDEX TERM--UNCONTROLLED | |
| Uncontrolled term | Economics |
| 653 ## - INDEX TERM--UNCONTROLLED | |
| Uncontrolled term | Indian economy |
| Withdrawn status | Lost status | Damaged status | Not for loan | Home library | Current library | Shelving location | Date acquired | Total Checkouts | Full call number | Barcode | Date last seen | Copy number | Price effective from | Koha item type |
|---|---|---|---|---|---|---|---|---|---|---|---|---|---|---|
| Central Library, Naharkatiya College | Central Library, Naharkatiya College | General Stacks | 19/09/2020 | 330.54 | GHO | 2035 | 19/09/2020 | 1 | 19/09/2020 | Books | |||||
| Central Library, Naharkatiya College | Central Library, Naharkatiya College | General Stacks | 19/09/2020 | 330.54 | GHO | 2036 | 19/09/2020 | 2 | 19/09/2020 | Books |
